Japan : (Record no. 71021)
[ view plain ]
| 000 -LEADER | |
|---|---|
| fixed length control field | 00785cam5a220022900 4500 |
| 001 - CONTROL NUMBER | |
| control field | tmp15223589 |
| 003 - CONTROL NUMBER IDENTIFIER | |
| control field | UPRA |
| 005 - DATE AND TIME OF LATEST TRANSACTION | |
| control field | 20190815111740.0 |
| 008 - FIXED-LENGTH DATA ELEMENTS--GENERAL INFORMATION | |
| fixed length control field | 950718s1980 ja eng u |
| 035 ## - SYSTEM CONTROL NUMBER | |
| System control number | (Sirsi) r79208 |
| 035 ## - SYSTEM CONTROL NUMBER | |
| System control number | (UPRA)tmp15223589 |
| 040 ## - CATALOGING SOURCE | |
| Transcribing agency | UPRA |
| 100 1# - MAIN ENTRY--PERSONAL NAME | |
| Personal name | Reischauer, Edwin O. (Edwin Oldfather), 1910- |
| Fuller form of name | Reischauer, Edwin O. (Edwin Oldfather), 1910- |
| Dates associated with a name | Reischauer, Edwin O. (Edwin Oldfather), 1910- |
| Linkage | A32152.1 |
| 245 10 - TITLE STATEMENT | |
| Title | Japan : |
| Remainder of title | the story of a nation. |
| 250 ## - EDITION STATEMENT | |
| Edition statement | Rev. ed. |
| 260 ## - PUBLICATION, DISTRIBUTION, ETC. | |
| Place of publication, distribution, etc. | Tokyo : |
| Name of publisher, distributor, etc. | Tuttle, |
| Date of publication, distribution, etc. | [1976 (1980)] |
| 500 ## - GENERAL NOTE | |
| General note | Previously published as 'Japan past and present'. |
| 504 ## - BIBLIOGRAPHY, ETC. NOTE | |
| Bibliography, etc. note | Bibliography. |
| 651 #0 - SUBJECT ADDED ENTRY--GEOGRAPHIC NAME | |
| Geographic name | Japan -- History. |
| General subdivision | Japan -- History. |
| Linkage | S4301.1 |
| 949 ## - LOCAL PROCESSING INFORMATION (OCLC) | |
| a | DS835 |
| w | lcc |
| i | -109036 |
| m | MAIN |
| t | BOOK |
| l | ON-SHELF |
No items available.